UM Logo

Inquiry into life/ (Record no. 3442)

MARC details
000 -LEADER
fixed length control field 00561nam a22001817a 4500
005 - DATE AND TIME OF LATEST TRANSACTION
control field 20250413062519.0
008 - FIXED-LENGTH DATA ELEMENTS--GENERAL INFORMATION
fixed length control field 160716b xxu||||| |||| 00| 0 eng d
020 ## - INTERNATIONAL STANDARD BOOK NUMBER
International Standard Book Number 0072421975
082 ## - DEWEY DECIMAL CLASSIFICATION NUMBER
Edition number 2006
Classification number DC 570
Item number M26i
100 ## - MAIN ENTRY--PERSONAL NAME
9 (RLIN) 11492
Personal name Mader, Sylvia S.
245 ## - TITLE STATEMENT
Title Inquiry into life/
Statement of responsibility, etc. Sylvia S. Mader.
250 ## - EDITION STATEMENT
Edition statement 11th edition
260 ## - PUBLICATION, DISTRIBUTION, ETC. (IMPRINT)
Place of publication, distribution, etc. Boston:
Name of publisher, distributor, etc. McGraw-Hill,
Date of publication, distribution, etc. c2006.
300 ## - PHYSICAL DESCRIPTION
Extent xvi, 758 pages:
Other physical details color illustartions;
Dimensions 28 cm.
500 ## - GENERAL NOTE
General note Includes appendices, glossary and index.<br/>
650 #0 - SUBJECT ADDED ENTRY--TOPICAL TERM
Topical term or geographic name as entry element Species identification.
9 (RLIN) 11493
942 ## - ADDED ENTRY ELEMENTS (KOHA)
Source of classification or shelving scheme Dewey Decimal Classification
Koha item type Circulation
Holdings
Withdrawn status Lost status Source of classification or shelving scheme Damaged status Not for loan Collection code Home library Current library Date acquired Source of acquisition Total Checkouts Full call number Barcode Date last seen Price effective from Koha item type
    Dewey Decimal Classification     Circulation UM Digos College - LIC UM Digos College - LIC 04/10/2008 Purchased   DC 570 M26i 2006 19484 05/15/2025 07/16/2016 Circulation